Women and Human Development : (Record no. 7661)
[ view plain ]
| 000 -LEADER | |
|---|---|
| fixed length control field | 00523nam a22001937a 4500 |
| 003 - CONTROL NUMBER IDENTIFIER | |
| control field | OSt |
| 005 - DATE AND TIME OF LATEST TRANSACTION | |
| control field | 20220128144613.0 |
| 008 - FIXED-LENGTH DATA ELEMENTS--GENERAL INFORMATION | |
| fixed length control field | 220128b ||||| |||| 00| 0 eng d |
| 020 ## - INTERNATIONAL STANDARD BOOK NUMBER | |
| International Standard Book Number | 9780521003858 |
| 040 ## - CATALOGING SOURCE | |
| Transcribing agency | DDC |
| 082 ## - DEWEY DECIMAL CLASSIFICATION NUMBER | |
| Classification number | 305.4 DEM 2000 |
| 100 ## - MAIN ENTRY--PERSONAL NAME | |
| Personal name | Nussbaum, Martha C |
| 9 (RLIN) | 15669 |
| 245 ## - TITLE STATEMENT | |
| Title | Women and Human Development : |
| Remainder of title | The Capabilities Approach |
| 260 ## - PUBLICATION, DISTRIBUTION, ETC. (IMPRINT) | |
| Place of publication, distribution, etc. | New York: |
| Name of publisher, distributor, etc. | Cambridge University ; |
| Date of publication, distribution, etc. | C2000 |
| 300 ## - PHYSICAL DESCRIPTION | |
| Extent | xxi, |
| Dimensions | 23 cm |
| 504 ## - BIBLIOGRAPHY, ETC. NOTE | |
| Bibliography, etc | Incudes index |
| 600 ## - SUBJECT ADDED ENTRY--PERSONAL NAME | |
| Source of heading or term | Women emancipation |
| 942 ## - ADDED ENTRY ELEMENTS (KOHA) | |
| Source of classification or shelving scheme | Dewey Decimal Classification |
| Koha item type | Book |
| Withdrawn status | Lost status | Source of classification or shelving scheme | Damaged status | Not for loan | Home library | Current library | Date acquired | Source of acquisition | Inventory number | Total Checkouts | Full call number | Barcode | Date last seen | Price effective from | Koha item type |
|---|---|---|---|---|---|---|---|---|---|---|---|---|---|---|---|
| Dewey Decimal Classification | Faculty of Interdisciplinary Studies Library | Faculty of Interdisciplinary Studies Library | 28/01/2022 | Purchase | 11/4481 | 305.4 DEM 2000 | 2022-0120 | 28/01/2022 | 28/01/2022 | Book | |||||
| Dewey Decimal Classification | Faculty of Interdisciplinary Studies Library | Faculty of Interdisciplinary Studies Library | 28/03/2022 | Purchase | 11/4480 | 305.4 DEM 2000 | 2022-0584 | 28/03/2022 | 28/03/2022 | Book | |||||
| Dewey Decimal Classification | MUST Main Library | MUST Main Library | 16/07/2024 | Purchase | 07/29259 | 305.4 DEM 2000 | 2024-21996 | 16/07/2024 | 16/07/2024 | Open Shelf |
